Employment and skills strategies in Northern Ireland, United Kingdom

Guardado en:
Detalles Bibliográficos
Formato: Libro
Lenguaje:inglés
Publicado: Paris OECD 2014
Colección:OECD reviews on local job creation
Materias:
Etiquetas: Agregar Etiqueta
Sin Etiquetas, Sea el primero en etiquetar este registro!

MARC

LEADER 00000nam a2200000 4500
001 0197054
005 20240315120546.4
020 |a 978-92-64-20886-5 
041 0 |a eng 
044 |a FR 
245 1 0 |a Employment and skills strategies in Northern Ireland, United Kingdom 
264 1 |a Paris  |b OECD  |c 2014 
300 |a 84 s. 
490 1 |a OECD reviews on local job creation 
830 0 |a OECD reviews on local job creation 
610 2 0 |a zamestnanosť 
610 2 0 |a trh práce 
610 2 0 |a miesta pracovné 
610 2 0 |a ukazovatele ekonomické 
610 2 0 |a zručnosti 
610 2 0 |a plánovanie 
610 2 0 |a politika zamestnanosti 
610 2 0 |a investície 
610 2 0 |a štúdie prípadové 
610 2 0 |a údaje štatistické 
610 2 0 |a Írsko 
610 2 0 |a Spojené kráľovstvo